Библиография Победы

“Убежден: опыт солидарности, партнерства в годы борьбы с общей угрозой — это наше бесценное наследие, прочная опора именно сейчас, когда набирает силу необратимое движение к более справедливому многополярному миру, основанному на принципах доверия и неделимой безопасности, равных возможностей для самобытного и свободного развития всех стран и народов.”

В.В. Путин

Сборник научных трудов (Record no. 1051)

MARC details
000 -МАРКЕР
контрольное поле 29334nas1a22026411 4500
001 - ИДЕНТИФИКАТОР ЗАПИСИ
контрольное поле RU\NLR\INFOCOMM55\5000201252
005 - ИДЕНТИФИКАТОР ВЕРСИИ
контрольное поле 20250807190201.0
035 ## - ДРУГИЕ СИСТЕМНЫЕ НОМЕРА
Идентификатор записи (NLR Aleph) 002848390
100 ## - ДАННЫЕ ОБЩЕЙ ОБРАБОТКИ
Данные общей обработки 20050218c1944 u y0rusy50 ca
101 0# - ЯЗЫК РЕСУРСА
Язык текста, звукозаписи и т.д. русский
102 ## - СТРАНА ПУБЛИКАЦИИ ИЛИ ПРОИЗВОДСТВА
Страна публикации российская федерация
110 ## - ПОЛЕ КОДИРОВАННЫХ ДАННЫХ: ПРОДОЛЖАЮЩИЕСЯ РЕСУРСЫ
Кодированные данные продолжающегося ресурса ayuzz 0|y|
200 1# - ЗАГЛАВИЕ И СВЕДЕНИЯ ОБ ОТВЕТСТВЕННОСТИ
Основное заглавие Сборник научных трудов
Первые сведения об ответственности М-во просвещения РСФСР. Яросл. гос. пед. ин-т им. К.Д. Ушинского
210 ## - ПУБЛИКАЦИЯ, РАСПРОСТРАНЕНИЕ И ДР.
Место издания, распространения и т.д. Ярославль
Дата издания, распространения и т.д. 1944-1985
300 ## - ОБЩИЕ ПРИМЕЧАНИЯ
Текст примечания С вып.5 появляется валовая нумерация "Трудов" и "Ученых записок" Ярославск. пед. ин-та
300 ## - ОБЩИЕ ПРИМЕЧАНИЯ
Текст примечания С 1986 г. выходят ненум. выпуски Межвузовских сборников научных трудов под разными заглавиями. Хранятся в книжном фонде (шифры разные)
311 ## - ПРИМЕЧАНИЯ, ОТНОСЯЩИЕСЯ К ПОЛЯМ СВЯЗИ (ПРИМЕЧАНИЯ О СВЯЗИ С ДРУГИМИ ПРОИЗВЕДЕНИЯМИ (ИЗДАНИЯМИ))
Текст примечания Продолжают выходившие в 1926-1929 г.г. "Труды Яросл. пед. ин-та" (хранятся в книжном фонде. Шифры разные)
320 ## - ПРИМЕЧАНИЯ О НАЛИЧИИ В ДОКУМЕНТЕ БИБЛИОГРАФИИ / УКАЗАТЕЛЯ
Текст примечания Алфавитный указатель статей, опубликованных в "Трудах" и "Ученых записках" Ярославского педагогического института (1926-1956 г.г.) (В изд. ... 1958, Т.20(30) Ч.1, с.172-191)
430 #0 - ПРОДОЛЖЕН
Встроенное поле 2001#$aУченые записки
430 #0 - ПРОДОЛЖЕН
Встроенное поле 2001#$aНаучно-методический сборник
710 02 - НАИМЕНОВАНИЕ ОРГАНИЗАЦИИ - ПЕРВИЧНАЯ ОТВЕТСТВЕННОСТЬ
Начальный элемент ввода Ярославский педагогический институт имени К.Д. Ушинского
Код отношения Автор
801 #1 - ИСТОЧНИК ЗАПИСИ
Страна российская федерация
Организация InfoComm
Дата составления 20050218
801 #0 - ИСТОЧНИК ЗАПИСИ
Страна российская федерация
Организация NLR
Правила каталогизации PSBO
852 ## - МЕСТОНАХОЖДЕНИЕ И ШИФР ХРАНЕНИЯ
Идентификатор организации NLR
Шифр хранения (Call Number) П28/391
942 ## - ДОПОЛНИТЕЛЬНЫЕ ЭЛЕМЕНТЫ ЗАПИСИ (АБИС)
Тип экземпляра АБИС Журнал
945 ## - Информацию об издании предоставили:
Полное название организации, предоставившей материал Российская национальная библиотека
980 ## - КОЛЛЕКЦИЯ
Название коллекции Национальная библиография
980 ## - КОЛЛЕКЦИЯ
Название коллекции Библиография Победы
980 ## - КОЛЛЕКЦИЯ
Название коллекции Русская периодика

No items available.